Statystyki dla Quiz o Meksyku

Kliknij tutaj aby rozwiązać quiz!

Ogólne statystyki

  • Ten quiz został rozwiązany 3 155 razy
  • Średni wynik to 11 z 26

Statystyki odpowiedzi

WskazówkaOdpowiedź% Poprawnych
Państwa granicząceStany Zjednoczone
97%
Najbardziej zaludnione metropolieMeksyk
93%
Najpopularniejszy sportPiłka nożna
82%
Państwa granicząceGwatemala
78%
Państwa granicząceBelize
74%
Jednostka monetarnaPeso
73%
Rdzenna cywilizacja znana z piramid,
kalendarzy i pisma
Majowie
64%
Zwierzę narodoweZłoty orzeł
60%
Cywilizacja podbita przez CortésaAztekowie
51%
Półwysep, na którym leży CancunJukatan
44%
Półwysep na południe od KaliforniiPółwysep Kalifornijski
39%
Likier robiony przy użyciu agawyTequila
39%
Mała rasa psa, której nazwa pochodzi
od stanu w Meksyku
Chihuahua
34%
Najbardziej zaludnione metropolieGuadalajara
34%
Najczęściej eksportowany surowiecRopa naftowa
34%
Rok, w którym Meksyk był gospodarzem
letnich igrzysk olimpijskich
1968
32%
Trzy najczęściej spotykane nazwiska
(odgadnij którekolwiek)
Hernández |
Garcia | Martinez
31%
Święto obchodzone od 31 paź do 2 lisŚwięto Zmarłych
30%
Najdłuższa rzekaRio Grande
24%
Duże miasto w pobliżu San DiegoTijuana
24%
Najbardziej zaludnione metropolieMonterrey
22%
Miasto na Pacyfiku znane z
nurkowania klifowego
Acapulco
19%
Styl muzyki ludowej z trąbkami i gitaramiMariachi
19%
Odmiana wrestlingu, która rozwinęła
się w Meksyku
{Lucha} Libre
13%
Najbogatszy obywatelCarlos Slim
10%
Sos z papryki chili czasami robiony
z użyciem czekolady
Mole
7%

Rozkład punktacji

Percentyl według liczby udzielonych odpowiedzi

Procent ludzi z każdym wynikiem

Twoja historia wyników

Nie rozwiązałeś tego quizu